000 00908nam a2200289 i 4500
003 EG-GICUC
005 20260219142102.0
008 260219s1974 ne ||||fr|||| 00| 0 fre d
020 _a9028604243
040 _aEG-GiCUC
_bfre
_cEG-GiCUC
_dEG-GiCUC
_eRda
082 0 4 _221
_a341
_bRE
092 0 4 _221
099 _aLaw1 11 341 RE 1974
245 0 0 _aRecueil Des Cours :
_bCollected Courses of the Hague Academy of International Law.
_nTome II /
_c
264 1 _aLeyde :
_bA. W. Sijthoff,
_c1974.
300 _a447page :
_billustration ;
_c 24 cm.
336 _2rda contenu
_a texte
337 _2rda medias
_aOrdinateur
338 _2 transporteur rda
_a Ressource en ligne
504 _a
546 _aTexte en français
650 1 4 _aDroit international public
_2
651 1 _2
856 4 0 _uhttps://fll.law.cu.edu.eg/fulltext/bks/B11-07866.pdf
905 _a50
942 _2ddc
_cBK
_e21
_n0
999 _c63850
_d63850